Statistics for Country Boggle (ThirdParty edition)

Click here to take the quiz!

General Stats

  • This quiz has been taken 29,323 times
  • The average score is 9 of 26

Answer Stats

Countries% Correct
Qatar
73%
Pakistan
72%
Russia
60%
Romania
51%
Tunisia
40%
Niger
39%
Oman
39%
Iran
38%
Iraq
37%
Somalia
36%
Belize
34%
Brazil
34%
Nigeria
33%
Algeria
32%
Armenia
31%
Mali
30%
Panama
30%
Australia
26%
Austria
26%
Belarus
26%
Albania
25%
Benin
22%
Israel
22%
Serbia
18%
Laos
16%
Samoa
14%

Score Distribution

Percentile by Number Answered

Percent of People with Each Score

Your Score History

You have not taken this quiz